00443nam a2200181Ia 4500003000400000005001700004008004100021020001400062040000700076041000800083082002300091100002600114245003000140250000600170260005600176300001500232365001400247OSt20230509110120.0210423s2006 xx 000 0 und d a818128528 cAL aeng a576.163 223bJAYJ aJAY (James M);others. aModern food microbiology. a7 aNew DelhibResearch and Education Associationc2006 axx,790bPB b1195cINR